Normal view
MARC view
Entry Personal Name
001 - CONTROL NUMBER
- control field: 13626
003 - CONTROL NUMBER IDENTIFIER
- control field: OSt
005 - DATE AND TIME OF LATEST TRANSACTION
- control field: 20200213095610.0
008 - FIXED-LENGTH DATA ELEMENTS
- fixed length control field: 200213|| aca||aabn | a|a d
040 ## - CATALOGING SOURCE
- Original cataloging agency: OSt
- Transcribing agency: OSt
100 ## - HEADING--PERSONAL NAME
- Personal name: Essington, Michael E.
670 ## - SOURCE DATA FOUND
- Source citation: Work cat.: (OSt)0: Essington, Michael E., Soil and water chemistry :, 2004.
